00549pam a2200145 a 4500020002200000040000800022082002600030100001700056245007800073260005200151300003500203500004600238500008900284650003000373 a0821302647 (pbk.) cDLC00a338 WOR 1984 A010 Or.1 aTan, C. Suan10aWorld rubber market structure and stabilisation :ban econometric study / aWashington, D.C., U.S.A. :bWorld Bank,cc1984. axxiv, 395 p. :bill. ;c29 cm. aAbstract in English, French, and Spanish. aOriginally presented as the author's thesis (Ph. D.--Australian National University) 0aRubber industry and trade